Southville International School and Colleges
Your cart is empty.
  • Cart
  • Lists
    Public lists Eva Luna New books Lux_list list_1
    Your lists Log in to create your own lists
  • Log in to your account
  • Your cookies
  • Search history
Southville International School and Colleges
  • Advanced search
  • Recent comments
  • Most popular
  • Libraries

Log in to your account

Log in with GOOGLE


If you do not have an external account, but do have a local account, you can still log in:

  1. Home
  2. MARC view: Miss Alaineus :
Normal view MARC view ISBD view

Miss Alaineus : (Record no. 33883)

[ view plain ]
MARC details
000 -LEADER
fixed length control field 01608cam a2200361 a 4500
001 - CONTROL NUMBER
control field 3090666
003 - CONTROL NUMBER IDENTIFIER
control field OSt
005 - DATE AND TIME OF LATEST TRANSACTION
control field 20140310184347.0
008 - FIXED-LENGTH DATA ELEMENTS--GENERAL INFORMATION
fixed length control field 981016s2000 caua j 000 1 eng
010 ## - LIBRARY OF CONGRESS CONTROL NUMBER
LC control number 98048937
020 ## - INTERNATIONAL STANDARD BOOK NUMBER
International Standard Book Number 0439317916
040 ## - CATALOGING SOURCE
Original cataloging agency DLC
Transcribing agency DLC
Modifying agency DLC
042 ## - AUTHENTICATION CODE
Authentication code lcac
050 00 - LIBRARY OF CONGRESS CALL NUMBER
Classification number PZ 7
Item number .F8654Mi 2001
100 1# - MAIN ENTRY--PERSONAL NAME
Personal name Frasier, Debra.
9 (RLIN) 24862
245 10 - TITLE STATEMENT
Title Miss Alaineus :
Remainder of title a vocabulary disaster /
Statement of responsibility, etc written and illustrated by Debra Frasier.
250 ## - EDITION STATEMENT
Edition statement 1st ed.
260 ## - PUBLICATION, DISTRIBUTION, ETC. (IMPRINT)
Place of publication, distribution, etc San Diego :
Name of publisher, distributor, etc Harcourt Brace,
Date of publication, distribution, etc 2000.
300 ## - PHYSICAL DESCRIPTION
Extent 1 v. (unpaged) :
Other physical details col. ill. ;
Dimensions 29 cm.
520 ## - SUMMARY, ETC.
Summary, etc When Sage's spelling and definition of a word reveal her misunderstanding of it to her classmates, she is at first embarrassed but then uses her mistake as inspiration for the vocabulary parade.
521 ## - TARGET AUDIENCE NOTE
Target audience note
526 ## - STUDY PROGRAM INFORMATION NOTE
Reading level 690
650 #1 - SUBJECT ADDED ENTRY--TOPICAL TERM
Topical term or geographic name as entry element English language
General subdivision Spelling
Form subdivision Fiction.
9 (RLIN) 24863
650 #1 - SUBJECT ADDED ENTRY--TOPICAL TERM
Topical term or geographic name as entry element Vocabulary
Form subdivision Fiction.
9 (RLIN) 24864
650 #1 - SUBJECT ADDED ENTRY--TOPICAL TERM
Topical term or geographic name as entry element Schools
Form subdivision Fiction.
9 (RLIN) 24865
856 42 - ELECTRONIC LOCATION AND ACCESS
Materials specified Contributor biographical information
Uniform Resource Identifier <a href="http://www.loc.gov/catdir/bios/har051/98048937.html">http://www.loc.gov/catdir/bios/har051/98048937.html</a>
856 42 - ELECTRONIC LOCATION AND ACCESS
Materials specified Publisher description
Uniform Resource Identifier <a href="http://www.loc.gov/catdir/description/har021/98048937.html">http://www.loc.gov/catdir/description/har021/98048937.html</a>
906 ## - LOCAL DATA ELEMENT F, LDF (RLIN)
a 7
b cbc
c orignew
d 1
e ocip
f 19
g y-gencatlg
942 ## - ADDED ENTRY ELEMENTS (KOHA)
Source of classification or shelving scheme Library of Congress Classification
Koha item type
Holdings
Withdrawn status Lost status Source of classification or shelving scheme Damaged status Home library Current library Shelving location Date acquired Total Checkouts Full call number Barcode Date last seen Copy number Price effective from Koha item type
    Library of Congress Classification   Luxembourg Library Luxembourg Library Scholastic Reading Center Section 10/07/2013   PZ 7 .F8654Mi 2001 LEX0068 04/18/2017 1 10/07/2013 Books

Miss Alaineus :

APA

Frasier D., . (2000). Miss Alaineus. San Diego: Harcourt Brace.

Chicago

Frasier Debra, . 2000. Miss Alaineus. San Diego: Harcourt Brace.

Harvard

Frasier D., . (2000). Miss Alaineus. San Diego: Harcourt Brace.

MLA

Frasier Debra, . Miss Alaineus. San Diego: Harcourt Brace. 2000.

  • Place hold
  • Print
  • Cite
  • Add to your cart (remove)
  • Save record
    BIBTEX Dublin Core MARCXML MARC (non-Unicode/MARC-8) MARC (Unicode/UTF-8) MARC (Unicode/UTF-8, Standard) MODS (XML) RIS
  • More searches
    Search for this title in:
    Other Libraries (WorldCat) Other Databases (Google Scholar) Online Stores (Bookfinder.com) Open Library (openlibrary.org)

Exporting to Dublin Core...

SOUTHVILLE LIBRARY

Southville International School and Colleges Library

1281 Tropical Ave. Cor. Luxembourg St., BF Homes International, Las Pinas City

Tel. No. 8256374 / 252358 Loc. 117/146

Powered by Koha